[Event "Plzen, FSB A"]
[Site "?"]
[Date "2000.??.??"]
[Round "1"]
[White "Folk, P."]
[Black "de Jong, J."]
[Result "1/2-1/2"]
[WhiteElo "2260"]
[BlackElo "2135"]
[PlyCount "105"]
[EventDate "2000.??.??"]
[Source "ChessBase"]
[SourceDate "1996.11.15"]

1. e4 Nf6 2. Nc3 d5 3. e5 d4 4. Nce2 Ne4 5. c3 Nc6 6. Nf3 Bg4 7. Nexd4 Nxe5 8.
Qe2 Qd5 9. Qb5+ Qxb5 10. Bxb5+ Nd7 11. Ne5 Nef6 12. f3 a6 13. Nxg4 axb5 14.
Nxb5 Kd8 15. Nxf6 exf6 16. d3 Nc5 17. O-O Nb3 18. Nxc7 Ra5 19. axb3 Rxa1 20.
Nb5 Kd7 21. Kf2 f5 22. Ke2 Be7 23. Nd4 Re8 24. Kd2 g6 25. b4 Bd6 26. f4 h5 27.
Nb3 Raa8 28. Nd4 Re7 29. Kc2 Rae8 30. Bd2 Re2 31. Nxe2 Rxe2 32. g3 Rxh2 33. d4
Rg2 34. Rf3 Ke6 35. b5 g5 36. Kd3 g4 37. Re3+ Kd7 38. c4 h4 39. gxh4 Bxf4 40.
Re2 Rg3+ 41. Kc2 Bxd2 42. Kxd2 f4 43. Rf2 f3 44. Ke3 Rh3 45. Rf1 Rxh4 46. Kf4
f5 47. Kxf5 Rh1 48. Rxh1 g3 49. Rh7+ Kd6 50. Rh6+ Kd7 51. Rh7+ Kd6 52. b3 b6
53. Rh6+ 1/2-1/2

[Event "Plzen, FSB A"]
[Site "?"]
[Date "2000.??.??"]
[Round "1"]
[White "Racek, J."]
[Black "Cernousek, L."]
[Result "0-1"]
[WhiteElo "2130"]
[BlackElo "2255"]
[PlyCount "81"]
[EventDate "2000.??.??"]
[Source "ChessBase"]
[SourceDate "1996.11.15"]

1. d4 Nf6 2. c4 c6 3. Nc3 d5 4. cxd5 cxd5 5. Bg5 Ne4 6. Nxe4 dxe4 7. Rc1 Nc6 8.
d5 Qa5+ 9. Qd2 Nb4 10. Rc4 e6 11. a3 Qb5 12. Rxe4 Nxd5 13. e3 Qc6 14. Nf3 Nf6
15. Rc4 Qb6 16. e4 Bd7 17. Be3 Qb3 18. Nd4 Qa2 19. f3 e5 20. Rc1 exd4 21. Bc4
Qxc4 22. Rxc4 dxe3 23. Qxe3 Be7 24. Kf2 Bc6 25. Rhc1 O-O 26. Kg1 Bd8 27. Kh1
Bb6 28. Qe1 Rad8 29. Rd1 Bf2 30. Qe2 Bb5 31. Rdc1 Bxc4 32. Qxf2 b5 33. e5 Nd5
34. Qxa7 Nf4 35. g3 Nd3 36. Rb1 Nxe5 37. Qe3 Nxf3 38. Kg2 Rfe8 39. Kxf3 Rxe3+
40. Kxe3 f6 41. Rc1 0-1

[Event "Plzen, FSB A"]
[Site "?"]
[Date "2000.??.??"]
[Round "1"]
[White "Ionescu, A."]
[Black "Epitashvili, K."]
[Result "0-1"]
[WhiteElo "2255"]
[BlackElo "2100"]
[PlyCount "39"]
[EventDate "2000.??.??"]
[Source "ChessBase"]
[SourceDate "1996.11.15"]

1. d4 Nf6 2. Bg5 g6 3. Bxf6 exf6 4. e3 d5 5. g3 Bg7 6. Bg2 O-O 7. Ne2 Qd6 8.
O-O Be6 9. Nd2 f5 10. Qc1 Nd7 11. c3 Nf6 12. Nf4 Ne4 13. Nd3 b6 14. c4 c6 15.
c5 bxc5 16. Nxc5 Nxc5 17. Qxc5 Rfd8 18. b4 Bf8 19. a3 a5 20. bxa5 {dale zcela
necitelne} 0-1

[Event "Plzen, FSB A"]
[Site "?"]
[Date "2000.??.??"]
[Round "1"]
[White "Balin, J."]
[Black "Kozak, M."]
[Result "1-0"]
[WhiteElo "2070"]
[BlackElo "2245"]
[PlyCount "81"]
[EventDate "2000.??.??"]
[Source "ChessBase"]
[SourceDate "1996.11.15"]

1. d4 d5 2. g3 Nf6 3. Bg2 c5 4. c4 e6 5. cxd5 exd5 6. Nf3 Nc6 7. O-O Be7 8. Nc3
O-O 9. Bf4 a6 10. Rc1 c4 11. Ne5 Bf5 12. Bg5 Re8 13. Bxf6 gxf6 14. Nxc6 bxc6
15. e4 Be6 16. Qh5 Rb8 17. Rc2 f5 18. exf5 Bd7 19. g4 Bf6 20. Ne2 Kg7 21. Qh3
h6 22. Kh1 Qb6 23. f4 Rh8 24. Qe3 Rbe8 25. Qd2 Kf8 26. Rc3 Bg7 27. Rd1 h5 28.
f6 Bxf6 29. g5 Bg7 30. Re3 Rxe3 31. Qxe3 Qxb2 32. Re1 Bg4 33. Ng3 Bxd4 34. Qe7+
Kg8 35. f5 Qb8 36. Qd7 Kg7 37. g6 Rf8 38. Qxc6 h4 39. Qxd5 Bf6 40. Qxc4 hxg3
41. Qxg4 1-0

[Event "Plzen, FSB A"]
[Site "?"]
[Date "2000.??.??"]
[Round "1"]
[White "Hadraba, V."]
[Black "Vagner, T."]
[Result "1/2-1/2"]
[WhiteElo "2240"]
[BlackElo "2060"]
[PlyCount "66"]
[EventDate "2000.??.??"]
[Source "ChessBase"]
[SourceDate "1996.11.15"]

1. e4 c5 2. Nf3 Nc6 3. d4 cxd4 4. Nxd4 Qc7 5. Nc3 Nf6 6. Be3 e6 7. Be2 Be7 8.
O-O O-O 9. f4 d6 10. Kh1 Bd7 11. Nb3 Na5 12. Nxa5 Qxa5 13. Qe1 Qc7 14. Qg3 Bc6
15. Bd4 Rfd8 16. a4 d5 17. exd5 Bxd5 18. Nxd5 Rxd5 19. c3 g6 20. Bf3 Rd7 21. a5
Nd5 22. Be4 Nf6 23. Bxf6 Bxf6 24. a6 Rd2 25. axb7 Rad8 26. Rxa7 Qc4 27. Qf3
Rxb2 28. Ra8 Qc7 29. Qd3 Kg7 30. Rxd8 Bxd8 31. g3 Be7 32. Rd1 Bc5 33. Qd8 Rxb7
1/2-1/2

[Event "Plzen, FSB A"]
[Site "?"]
[Date "2000.??.??"]
[Round "1"]
[White "van Dijk, T."]
[Black "Trmota, Z."]
[Result "1-0"]
[WhiteElo "2040"]
[BlackElo "2240"]
[PlyCount "133"]
[EventDate "2000.??.??"]
[Source "ChessBase"]
[SourceDate "1996.11.15"]

1. e4 e6 2. d4 d5 3. Nd2 Nf6 4. e5 Nfd7 5. Bd3 c5 6. c3 b6 7. Ne2 Ba6 8. Bc2
Nc6 9. Nb3 Rc8 10. O-O cxd4 11. cxd4 Nb4 12. Bb1 Qc7 13. Re1 Nc2 14. Bxc2 Qxc2
15. Nc3 Qxd1 16. Rxd1 Be7 17. f4 g6 18. Be3 Nb8 19. g4 Bb4 20. Bd2 Bxc3 21.
Bxc3 Be2 22. Rdc1 Bxg4 23. a4 O-O 24. Kf2 a5 25. Nd2 Bf5 26. Ke3 Rc6 27. Rg1 f6
28. exf6 Nd7 29. Nf3 Nxf6 30. Ne5 Rc7 31. Rgc1 Rfc8 32. Bd2 Rc2 33. Nf3 Be4 34.
Ne5 Kg7 35. b3 R8c7 36. Rxc2 Rxc2 37. Rc1 Bf5 38. Rxc2 Bxc2 39. b4 axb4 40.
Bxb4 Bxa4 41. Be7 Ne4 42. Kd3 h6 43. Ke3 Be8 44. Bb4 g5 45. Be7 Ba4 46. fxg5
hxg5 47. h4 gxh4 48. Bxh4 Nd6 49. Bd8 b5 50. Nc6 Nc4+ 51. Kf4 Kf7 52. Bh4 Ke8
53. Be1 Na3 54. Bb4 Nc2 55. Bc5 Kd7 56. Nb4 Na1 57. Ke5 Bd1 58. Bf8 Nb3 59. Nd3
Bg4 60. Nc5+ Ke8 61. Bd6 Nd2 62. Kf6 b4 63. Bf4 Nc4 64. Bc1 Kd8 65. Nxe6+ Kd7
66. Nc5+ Kc6 67. Nd3 $138 1-0

[Event "Plzen, FSB A"]
[Site "?"]
[Date "2000.??.??"]
[Round "1"]
[White "Novak, P."]
[Black "Petrzela, P."]
[Result "1-0"]
[WhiteElo "2235"]
[BlackElo "2015"]
[PlyCount "73"]
[EventDate "2000.??.??"]
[Source "ChessBase"]
[SourceDate "1996.11.15"]

1. e4 c6 2. d4 d5 3. exd5 cxd5 4. c4 Nf6 5. Nc3 g6 6. cxd5 Bg7 7. Bb5+ Nbd7 8.
Nf3 O-O 9. Bxd7 Bxd7 10. Qb3 b6 11. O-O Bf5 12. Ne5 Ng4 13. Nc6 Qc7 14. g3 a6
15. Re1 e6 16. Bf4 Qb7 17. Na4 exd5 18. Ne7+ Kh8 19. Nc5 Qxe7 20. Rxe7 bxc5 21.
h3 Nf6 22. dxc5 Bxh3 23. Be5 Be6 24. Qc3 Nh5 25. Bxg7+ Nxg7 26. b4 Kg8 27. Qe5
Rfd8 28. Rd1 h5 29. a4 Rab8 30. Rf1 Bf5 31. c6 Rbc8 32. c7 Re8 33. b5 axb5 34.
axb5 Rxe7 35. Qxe7 Re8 36. Qxe8+ Nxe8 37. b6 1-0

[Event "Plzen, FSB A"]
[Site "?"]
[Date "2000.??.??"]
[Round "1"]
[White "Rerabkova, L."]
[Black "Spal, M."]
[Result "0-1"]
[WhiteElo "2015"]
[BlackElo "2235"]
[PlyCount "74"]
[EventDate "2000.??.??"]
[Source "ChessBase"]
[SourceDate "1996.11.15"]

1. e4 Nf6 2. e5 Nd5 3. d4 d6 4. c4 Nb6 5. exd6 exd6 6. Nf3 Be7 7. Be2 O-O 8.
O-O Nc6 9. h3 Bf5 10. Nc3 Bf6 11. Be3 d5 12. c5 Nc8 13. Qb3 N8e7 14. Rad1 h6
15. Bf4 g5 16. Bh2 b6 17. Ne5 bxc5 18. Nxc6 Nxc6 19. dxc5 Nd4 20. Rxd4 Bxd4 21.
Nxd5 Be6 22. Bc4 Rb8 23. Bxc7 Rxb3 24. Bxd8 Rxd8 25. Bxb3 Bxd5 26. Bxd5 Rxd5
27. b4 Kf8 28. Rc1 Ke7 29. a4 Kd8 30. c6 Kc7 31. Kf1 a6 32. f3 f5 33. Ke2 f4
34. Rc2 Be3 35. Ke1 Rd4 36. Rc5 Rxb4 37. Ra5 Rb6 0-1

[Event "Plzen, FSB A"]
[Site "?"]
[Date "2000.??.??"]
[Round "1"]
[White "Fiala, R."]
[Black "Polak, B."]
[Result "1-0"]
[WhiteElo "2235"]
[BlackElo "2005"]
[PlyCount "47"]
[EventDate "2000.??.??"]
[Source "ChessBase"]
[SourceDate "1996.11.15"]

1. e4 e6 2. d4 d5 3. e5 c5 4. c3 Nc6 5. a3 Qb6 6. Nf3 c4 7. g3 f6 8. exf6 Nxf6
9. Bh3 Be7 10. Qe2 Na5 11. Nbd2 O-O 12. O-O Re8 13. Re1 Bf8 14. Ne5 Nc6 15. f4
Qc7 16. Ndf3 Ne4 17. Nxc4 e5 18. Bxc8 exd4 19. Bh3 Ng5 20. Nce5 Nxh3+ 21. Kg2
Nxe5 22. fxe5 g5 23. Kxh3 d3 24. Qe3 1-0

[Event "Plzen, FSB A"]
[Site "?"]
[Date "2000.??.??"]
[Round "1"]
[White "Ceplecha, T."]
[Black "Mikuev, E."]
[Result "0-1"]
[WhiteElo "2005"]
[BlackElo "2225"]
[PlyCount "108"]
[EventDate "2000.??.??"]
[Source "ChessBase"]
[SourceDate "1996.11.15"]

1. c4 c5 2. Nc3 Nc6 3. g3 g6 4. Bg2 Bg7 5. e3 e5 6. Nge2 Nge7 7. O-O O-O 8. a3
d6 9. Rb1 a5 10. b3 Rb8 11. Bb2 Bf5 12. e4 Be6 13. d3 Na7 14. f4 b5 15. Nd5
Nac6 16. Qc2 b4 17. a4 f5 18. Rf2 Qd7 19. Rbf1 Rf7 20. Qd2 Rbf8 21. Nb6 Qd8 22.
Nd5 Nd4 23. Nxd4 cxd4 24. Nxe7+ Qxe7 25. fxe5 dxe5 26. Bc1 f4 27. Qe2 Qd6 28.
Bh1 g5 29. g4 Rf6 30. Bf3 Rh6 31. Kg2 Rh4 32. h3 Qd7 33. Rh1 h5 34. Bd2 Kf7 35.
Kg1 Rxh3 36. Rxh3 hxg4 37. Rh7 gxf3 38. Qxf3 g4 39. Qh1 g3 40. Rf1 Kg8 41. Kg2
Qf7 42. Qh5 Qxh5 43. Rxh5 Bg4 44. Rhh1 Be2 45. Rf3 Rf6 46. Bc1 Rg6 47. Bd2 Bf8
48. Bc1 Bxf3+ 49. Kxf3 g2 50. Rg1 Rg3+ 51. Ke2 f3+ 52. Kf2 Rh3 53. Bg5 Kf7 54.
Bd2 Be7 0-1

[Event "Plzen, FSB A"]
[Site "?"]
[Date "2000.??.??"]
[Round "1"]
[White "Palek, M."]
[Black "Bujak, M."]
[Result "1-0"]
[WhiteElo "2225"]
[BlackElo "1990"]
[PlyCount "81"]
[EventDate "2000.??.??"]
[Source "ChessBase"]
[SourceDate "1996.11.15"]

1. e4 e5 2. Nf3 Nc6 3. Bb5 f5 4. d3 fxe4 5. dxe4 Nf6 6. Qd3 d6 7. Nc3 Be7 8.
Nd5 Be6 9. Ng5 Bd7 10. Qc4 Rf8 11. Nxf6+ gxf6 12. Ne6 Bxe6 13. Qxe6 Qd7 14. Qd5
O-O-O 15. Be3 a6 16. Ba4 f5 17. exf5 Rxf5 18. h4 h5 19. O-O-O Bf6 20. Rd3 e4
21. Qxe4 b5 22. Bb3 d5 23. Rhd1 Bxb2+ 24. Kb1 dxe4 25. Rxd7 Rxd7 26. Be6 Rff7
27. Kxb2 Rfe7 28. Bf5 Ne5 29. Kc3 Ng4 30. Rxd7 Rxd7 31. Bxd7+ Kxd7 32. Kd4 Nf6
33. Ke5 Ne8 34. Bc5 a5 35. g4 hxg4 36. h5 Nd6 37. Bxd6 e3 38. fxe3 g3 39. Bc5
g2 40. e4 g1=Q 41. Bxg1 1-0

[Event "Plzen, FSB A"]
[Site "?"]
[Date "2000.??.??"]
[Round "1"]
[White "Chalupecky, V."]
[Black "Pecka, F."]
[Result "1/2-1/2"]
[WhiteElo "1970"]
[BlackElo "2225"]
[PlyCount "127"]
[EventDate "2000.??.??"]
[Source "ChessBase"]
[SourceDate "1996.11.15"]

1. e4 c5 2. Nf3 a6 3. d4 cxd4 4. Nxd4 e5 5. Nb3 Nf6 6. Bd3 d5 7. exd5 Nxd5 8.
Be4 Nb4 9. Qxd8+ Kxd8 10. c3 N4c6 11. Be3 Kc7 12. N1d2 f5 13. Bc2 Be6 14. f4
Nd7 15. fxe5 Ndxe5 16. Nd4 Nxd4 17. cxd4 Ng4 18. Bf4+ Bd6 19. O-O Rhf8 20. Rae1
Rae8 21. h3 Bxf4 22. Rxf4 Nf6 23. Ba4 b5 24. Rc1+ Kd6 25. Bb3 Bd7 26. Nf3 Re2
27. Ne5 Ne4 28. Nxd7 Kxd7 29. g4 g6 30. gxf5 gxf5 31. Rh4 Ng5 32. Rh6 Rfe8 33.
Bd5 R8e3 34. Kf1 Rxb2 35. Rh4 Rg3 36. Rc6 Rd3 37. Rc1 Nxh3 38. Rxh7+ Kd6 39.
Bb7 Rf2+ 40. Ke1 Re3+ 41. Kd1 Rf1+ 42. Kd2 Rxc1 43. Kxe3 a5 44. Rh6+ Kc7 45.
Rh7+ Kb6 46. Bd5 b4 47. Kd2 Rc3 48. Rf7 Nf4 49. Rf6+ Kb5 50. Bb3 Rd3+ 51. Kc2
Rxd4 52. Rxf5+ Kb6 53. Rf6+ Kc5 54. Rf5+ Nd5 55. Rh5 Kd6 56. Rh6+ Ke5 57. Ra6
Ne3+ 58. Kc1 Nc4 59. Bxc4 Rxc4+ 60. Kb2 Rc5 61. Kb3 Rc3+ 62. Kb2 Ra3 63. Rc6
Kd5 64. Rc8 1/2-1/2

[Event "Plzen, FSB A"]
[Site "?"]
[Date "2000.??.??"]
[Round "1"]
[White "Dvorak, T."]
[Black "Bantle, M."]
[Result "1-0"]
[WhiteElo "2220"]
[BlackElo "1970"]
[PlyCount "89"]
[EventDate "2000.??.??"]
[Source "ChessBase"]
[SourceDate "1996.11.15"]

1. e4 c5 2. Nf3 e6 3. Nc3 a6 4. d4 cxd4 5. Nxd4 Qc7 6. Bd3 Nc6 7. Be3 Nf6 8.
O-O Be7 9. f4 d6 10. f5 Ne5 11. Kh1 Bd7 12. h3 h6 13. Nce2 Nc4 14. Bc1 e5 15.
Nf3 Qc5 16. Re1 b5 17. b3 Nb6 18. Ng3 Qc7 19. Bb2 Bc6 20. Nd2 Qb7 21. Nh5 Nxh5
22. Qxh5 Nd7 23. Qg4 O-O 24. Qe2 Kh8 25. a4 Nf6 26. axb5 axb5 27. c4 bxc4 28.
Bxc4 Rxa1 29. Bxa1 Ra8 30. Bxf7 Ra2 31. Qd3 Nxe4 32. Nxe4 Bxe4 33. Qxe4 Qxe4
34. Rxe4 Rxa1+ 35. Kh2 Bg5 36. h4 Bf4+ 37. g3 Bd2 38. Rc4 Ra8 39. Kh3 Rd8 40.
Bd5 Be3 41. Rc7 Bc5 42. f6 gxf6 43. Kg4 Bf2 44. Kf5 Bxg3 45. Kg6 1-0

[Event "Plzen, FSB A"]
[Site "?"]
[Date "2000.??.??"]
[Round "1"]
[White "Blecha, M."]
[Black "Brasser, P."]
[Result "1/2-1/2"]
[WhiteElo "2205"]
[BlackElo "1960"]
[PlyCount "79"]
[EventDate "2000.??.??"]
[Source "ChessBase"]
[SourceDate "1996.11.15"]

1. e4 c5 2. Nf3 Nc6 3. d4 cxd4 4. Nxd4 Nf6 5. Nc3 d6 6. Bg5 e6 7. Qd2 Be7 8.
O-O-O O-O 9. f4 Nxd4 10. Qxd4 Qa5 11. Bc4 Rd8 12. Kb1 Bd7 13. Rde1 Rac8 14. Bb3
Bc6 15. Rhf1 Rd7 16. Qf2 b5 17. e5 Nd5 18. Nxd5 Bxd5 19. Bxd5 exd5 20. Bxe7
Rxe7 21. exd6 Rd7 22. Qe2 Kf8 23. Qe5 b4 24. Rd1 Qc5 25. Qxd5 Qxc2+ 26. Ka1 Rc5
27. Qd4 a5 28. Rfe1 Rc8 29. Qd5 a4 30. Qb5 Rcd8 31. Qxb4 Qxg2 32. Rg1 Qc6 33.
Qd4 f6 34. Qb4 Rxd6 35. Rc1 Qd7 36. Rgd1 Kg8 37. Rxd6 Qxd6 38. Qc4+ Kh8 39. a3
h6 40. Qe4 1/2-1/2

[Event "Plzen, FSB A"]
[Site "?"]
[Date "2000.??.??"]
[Round "1"]
[White "Houska, B."]
[Black "Hrbolka sr., L."]
[Result "1/2-1/2"]
[WhiteElo "1960"]
[BlackElo "2205"]
[PlyCount "60"]
[EventDate "2000.??.??"]
[Source "ChessBase"]
[SourceDate "1996.11.15"]

1. c4 Nf6 2. Nc3 g6 3. g3 Bg7 4. Bg2 O-O 5. Nf3 d5 6. cxd5 Nxd5 7. O-O e5 8. d4
exd4 9. Nxd4 Nxc3 10. bxc3 Na6 11. Rb1 c5 12. Nb5 Bf5 13. e4 Qxd1 14. Rxd1 Be6
15. a4 Rad8 16. Bf4 Rxd1+ 17. Rxd1 Nb8 18. Nxa7 Bxc3 19. Rc1 Bd4 20. Bc7 Nd7
21. Nb5 Bf6 22. e5 Bxe5 23. Bxe5 Nxe5 24. Bxb7 Nd3 25. Rc3 c4 26. Nd6 Rb8 27.
a5 Nc5 28. a6 Nxb7 29. axb7 Bd5 30. Rc1 Bxb7 1/2-1/2

[Event "Plzen, FSB A"]
[Site "?"]
[Date "2000.??.??"]
[Round "1"]
[White "Gschwendtner, S."]
[Black "Priborsky, I."]
[Result "1/2-1/2"]
[WhiteElo "2185"]
[BlackElo "1955"]
[PlyCount "43"]
[EventDate "2000.??.??"]
[Source "ChessBase"]
[SourceDate "1996.11.15"]

1. c4 g6 2. Nc3 Bg7 3. g3 d6 4. Bg2 e5 5. d3 Nc6 6. e4 Nge7 7. Nge2 O-O 8. Nd5
Be6 9. O-O Qd7 10. Bh6 f5 11. Bxg7 Kxg7 12. d4 fxe4 13. Nxe7 Nxe7 14. dxe5 dxe5
15. Qxd7 Bxd7 16. Bxe4 c6 17. Rad1 Be6 18. b3 Rad8 19. Kg2 Bf5 20. Nc3 Rd4 21.
Bxf5 Nxf5 22. Rde1 1/2-1/2

[Event "Plzen, FSB A"]
[Site "?"]
[Date "2000.??.??"]
[Round "1"]
[White "Balcar, M."]
[Black "Bartos, J."]
[Result "0-1"]
[WhiteElo "1955"]
[BlackElo "2175"]
[PlyCount "76"]
[EventDate "2000.??.??"]
[Source "ChessBase"]
[SourceDate "1996.11.15"]

1. e4 e5 2. Nf3 Nf6 3. d4 Nxe4 4. Bd3 d5 5. Nxe5 Nd7 6. Nxd7 Bxd7 7. O-O Bd6 8.
c4 c6 9. Nc3 Nxc3 10. bxc3 O-O 11. Qc2 Qh4 12. g3 Qh3 13. Re1 Rae8 14. Re3 f5
15. f4 Rxe3 16. Bxe3 Re8 17. Qf2 dxc4 18. Bxc4+ Be6 19. Bf1 Qh5 20. c4 b6 21.
Qg2 Bd7 22. Qd2 a5 23. Rb1 Bb4 24. Qd3 Qf3 25. Rb3 b5 26. Bg2 Qh5 27. c5 Qf7
28. d5 cxd5 29. Bxd5 Be6 30. Bxe6 Qxe6 31. a3 Qxe3+ 32. Qxe3 Rxe3 33. Rxe3 Bxc5
34. Kf2 Kf7 35. Ke2 Bxe3 36. Kxe3 Ke6 37. Kd4 Kd6 38. h3 h5 0-1

[Event "Plzen, FSB A"]
[Site "?"]
[Date "2000.??.??"]
[Round "1"]
[White "Juptner, J."]
[Black "Hercik, J."]
[Result "1/2-1/2"]
[WhiteElo "2170"]
[BlackElo "1950"]
[PlyCount "104"]
[EventDate "2000.??.??"]
[Source "ChessBase"]
[SourceDate "1996.11.15"]

1. d4 d5 2. c4 c6 3. Nf3 e6 4. Nc3 dxc4 5. a4 Bb4 6. Bd2 Nf6 7. g3 a5 8. e3 b5
9. axb5 Bxc3 10. bxc3 cxb5 11. Qb1 Ba6 12. Bg2 Nbd7 13. O-O Rb8 14. e4 Qb6 15.
Qa2 Nxe4 16. Qxa5 Nxd2 17. Nxd2 Bb7 18. Qxb6 Nxb6 19. Bxb7 Rxb7 20. Rfb1 Nc8
21. Ra8 O-O 22. Nxc4 Rc7 23. Na3 Rxc3 24. Ra6 Nd6 25. Rxd6 Rxa3 26. Rxb5 Raa8
27. Rd7 Rad8 28. Rbb7 Rxd7 29. Rxd7 Rc8 30. Kg2 Kf8 31. Kf3 Ke8 32. Ra7 Rd8 33.
Ke4 Rd5 34. g4 g6 35. Ra8+ Ke7 36. Ra7+ Kf6 37. f4 h6 38. Rc7 Ra5 39. h4 h5 40.
g5+ Kg7 41. Rc3 Rf5 42. Rc5 f6 43. Rc7+ Kf8 44. Rc5 fxg5 45. fxg5 Ke7 46. Rc7+
Kf8 47. Ra7 Rd5 48. Rc7 Rf5 49. Rc3 Ke7 50. Rf3 Kd6 51. Ra3 Ke7 52. Ra7+ Kf8 {
remiza v 73. tahu} 1/2-1/2

[Event "Plzen, FSB A"]
[Site "?"]
[Date "2000.??.??"]
[Round "1"]
[White "Barton, J."]
[Black "Kuklin, V."]
[Result "0-1"]
[WhiteElo "1940"]
[BlackElo "2170"]
[PlyCount "72"]
[EventDate "2000.??.??"]
[Source "ChessBase"]
[SourceDate "1996.11.15"]

1. e4 e6 2. d4 d5 3. Nc3 Nf6 4. Bd3 c5 5. Nf3 Nc6 6. dxc5 dxe4 7. Nxe4 Nxe4 8.
Bxe4 Qxd1+ 9. Kxd1 Bxc5 10. Be3 Bxe3 11. fxe3 Bd7 12. Nd4 O-O-O 13. Ke2 Ne5 14.
c4 f5 15. Bf3 Rhe8 16. Rad1 Nxf3 17. Nxf3 e5 18. Rd2 Bc6 19. Rhd1 Rxd2+ 20.
Rxd2 Kc7 21. b4 b6 22. Rc2 g5 23. c5 g4 24. Ne1 Rd8 25. cxb6+ Kxb6 26. g3 h5
27. Kf2 Be4 28. Rb2 Kb5 29. Ke2 Kc4 30. b5 Rb8 31. a4 Kc3 32. Ra2 h4 33. Rd2 h3
34. Rd7 Rb7 35. Rxb7 Bxb7 36. Nd3 Bf3+ 0-1

[Event "Plzen, FSB A"]
[Site "?"]
[Date "2000.??.??"]
[Round "1"]
[White "Galicek, S."]
[Black "Smistik, M."]
[Result "0-1"]
[WhiteElo "1940"]
[BlackElo "2165"]
[PlyCount "104"]
[EventDate "2000.??.??"]
[Source "ChessBase"]
[SourceDate "1996.11.15"]

1. d4 Nf6 2. c4 g6 3. Nc3 d5 4. Nf3 Bg7 5. Qb3 dxc4 6. Qxc4 O-O 7. e4 a6 8. e5
b5 9. Qb3 Nfd7 10. Be3 c5 11. dxc5 Nxe5 12. Nxe5 Bxe5 13. Be2 Be6 14. Qc2 Nc6
15. Rd1 Qa5 16. O-O Bxc3 17. bxc3 Qxa2 18. Qxa2 Bxa2 19. Ra1 Bd5 20. Rfd1 Rfd8
21. Rxd5 Rxd5 22. Bxb5 Nd8 23. Be2 Rc8 24. Rxa6 Ne6 25. c6 Rd6 26. Bf3 Rd3 27.
Ra3 Nd8 28. h3 Nxc6 29. Be2 Rd7 30. Bg4 f5 31. Be2 Ne5 32. Bd4 Nc4 33. Ra4 Rdc7
34. f4 Nd2 35. Be5 Rb7 36. Kf2 Kf8 37. Ba6 Ra8 38. Ke2 Ne4 39. Rxe4 Rxa6 40.
Rc4 Ra2+ 41. Kf3 Rbb2 42. g4 Rf2+ 43. Kg3 Rg2+ 44. Kh4 fxg4 45. hxg4 Rh2+ 46.
Kg3 h5 47. gxh5 gxh5 48. Rc8+ Kf7 49. c4 h4+ 50. Kg4 h3 51. c5 Rh1 52. Rh8 h2
0-1

[Event "Plzen, FSB A"]
[Site "?"]
[Date "2000.??.??"]
[Round "1"]
[White "Pliva, V."]
[Black "Priborsky, J."]
[Result "1/2-1/2"]
[WhiteElo "2170"]
[BlackElo "1940"]
[PlyCount "81"]
[EventDate "2000.??.??"]
[Source "ChessBase"]
[SourceDate "1996.11.15"]

1. Nf3 Nf6 2. d4 g6 3. c4 Bg7 4. g3 O-O 5. Bg2 d6 6. O-O Nc6 7. Nc3 Bf5 8. d5
Nb8 9. Nd4 Bd7 10. Bf4 a5 11. Qd2 Na6 12. Rae1 Nc5 13. e4 e5 14. dxe6 Bxe6 15.
b3 Re8 16. h3 Nh5 17. Be3 Qd7 18. Kh2 a4 19. Qc2 axb3 20. axb3 Qd8 21. f4 Bd7
22. Bf2 Ne6 23. Nde2 Bc6 24. Nd5 Nf6 25. Nec3 Nf8 26. g4 Nxd5 27. exd5 Bd7 28.
Rxe8 Bxe8 29. Ne2 Nd7 30. Bd4 Bxd4 31. Nxd4 Nc5 32. g5 Qe7 33. Qd2 Bd7 34. Re1
Qf8 35. Re3 Re8 36. Kg3 Rxe3+ 37. Qxe3 Qe8 38. Qxe8+ Bxe8 39. Kf2 Kf8 40. Ke3
Bd7 41. h4 1/2-1/2

[Event "Plzen, FSB A"]
[Site "?"]
[Date "2000.??.??"]
[Round "1"]
[White "Vasicek, M."]
[Black "Kafka, L."]
[Result "1/2-1/2"]
[WhiteElo "2165"]
[BlackElo "1925"]
[PlyCount "29"]
[EventDate "2000.??.??"]
[Source "ChessBase"]
[SourceDate "1996.11.15"]

1. d4 Nf6 2. Nf3 e6 3. Bg5 Be7 4. e3 b6 5. Nbd2 Bb7 6. Bd3 d6 7. O-O Nbd7 8. c3
O-O 9. Qc2 Re8 10. Rad1 Nf8 11. Rfe1 Ng6 12. b4 Ng4 13. Bxe7 Qxe7 14. Be4 Bxe4
15. Nxe4 1/2-1/2

[Event "Plzen, FSB A"]
[Site "?"]
[Date "2000.??.??"]
[Round "1"]
[White "Strnad, J."]
[Black "Postupa, P."]
[Result "1/2-1/2"]
[WhiteElo "1920"]
[BlackElo "2165"]
[PlyCount "52"]
[EventDate "2000.??.??"]
[Source "ChessBase"]
[SourceDate "1996.11.15"]

1. Nf3 d5 2. g3 c6 3. Bg2 Bg4 4. d4 Nd7 5. O-O e6 6. Nbd2 Ngf6 7. b3 Qa5 8. Bb2
Be7 9. Re1 O-O 10. a3 Rfe8 11. c4 Qc7 12. Rc1 Rad8 13. Qc2 Bf5 14. Qc3 Ne4 15.
Nxe4 Bxe4 16. Nd2 Bxg2 17. Kxg2 Nf6 18. Qf3 Qd7 19. c5 Rc8 20. b4 Bd8 21. Qd3
Bc7 22. Nf3 a6 23. Ne5 Qe7 24. f3 Red8 25. e3 Bxe5 26. dxe5 Nd7 1/2-1/2

[Event "Plzen, FSB A"]
[Site "?"]
[Date "2000.??.??"]
[Round "1"]
[White "Hrbolka jr., L."]
[Black "Vlk, M."]
[Result "1-0"]
[WhiteElo "2165"]
[BlackElo "1915"]
[PlyCount "47"]
[EventDate "2000.??.??"]
[Source "ChessBase"]
[SourceDate "1996.11.15"]

1. e4 e5 2. Nf3 Nf6 3. Nxe5 d6 4. Nf3 Nxe4 5. d4 d5 6. Bd3 Nc6 7. O-O Be7 8. c4
Nf6 9. Nc3 Bg4 10. cxd5 Nxd5 11. Bc4 Be6 12. Qb3 Na5 13. Qa4+ c6 14. Bxd5 Bxd5
15. Nxd5 Qxd5 16. Re1 f6 17. Qb4 Qd8 18. Bd2 b6 19. Rxe7+ Qxe7 20. Re1 Qxe1+
21. Bxe1 O-O-O 22. Qa4 Rd5 23. b4 Nc4 24. Qxc6+ 1-0

[Event "Plzen, FSB A"]
[Site "?"]
[Date "2000.??.??"]
[Round "1"]
[White "Haller, M."]
[Black "Steppuhn, T."]
[Result "1/2-1/2"]
[WhiteElo "1910"]
[BlackElo "2160"]
[PlyCount "32"]
[EventDate "2000.??.??"]
[Source "ChessBase"]
[SourceDate "1996.11.15"]

1. Nf3 e6 2. g3 b6 3. Bg2 Bb7 4. O-O c5 5. c4 Nf6 6. Nc3 Nc6 7. d4 d6 8. d5
exd5 9. Nxd5 Nxd5 10. Qxd5 Na5 11. Qd3 d5 12. cxd5 Qxd5 13. Qc3 Rd8 14. Bh6 f6
15. Bf4 Be7 16. Bh3 Qc4 1/2-1/2

[Event "Plzen, FSB A"]
[Site "?"]
[Date "2000.??.??"]
[Round "1"]
[White "Kreiser, U."]
[Black "Pfiender, H."]
[Result "1-0"]
[WhiteElo "2155"]
[BlackElo "1905"]
[PlyCount "49"]
[EventDate "2000.??.??"]
[Source "ChessBase"]
[SourceDate "1996.11.15"]

1. d4 d5 2. Nf3 Nc6 3. c4 e5 4. dxe5 Bb4+ 5. Bd2 dxc4 6. Qc2 Be6 7. e4 Qe7 8.
Bxc4 O-O-O 9. Bxe6+ Qxe6 10. O-O Bxd2 11. Nbxd2 Nxe5 12. Nxe5 Qxe5 13. Nc4 Qe7
14. Rac1 h5 15. Ne3 c6 16. Nd5 Qe6 17. Qa4 Kb8 18. Qa5 Ne7 19. Qc7+ Ka8 20.
Nb6+ axb6 21. Rc3 Nc8 22. Ra3+ Na7 23. Qxb6 Kb8 24. Rxa7 Qe7 25. Qa5 1-0

[Event "Plzen, FSB A"]
[Site "?"]
[Date "2000.??.??"]
[Round "1"]
[White "Hofman, M."]
[Black "Ungr, D."]
[Result "1-0"]
[WhiteElo "1900"]
[BlackElo "2155"]
[PlyCount "41"]
[EventDate "2000.??.??"]
[Source "ChessBase"]
[SourceDate "1996.11.15"]

1. Nf3 Nf6 2. g3 g6 3. Bg2 Bg7 4. c4 d5 5. cxd5 Nxd5 6. O-O O-O 7. Nc3 Nc6 8.
d4 Nb6 9. e3 Bg4 10. h3 Be6 11. b3 Qd7 12. Kh2 Nd5 13. Ne4 Qd8 14. Nc5 Bc8 15.
Bb2 b6 16. Nd3 Ba6 17. Re1 Ncb4 18. Nfe5 Rc8 19. Nxb4 Nxb4 20. a3 Nd5 21. Nc6
1-0

[Event "Plzen, FSB A"]
[Site "?"]
[Date "2000.??.??"]
[Round "1"]
[White "Vyhnalek, B."]
[Black "Geiger, L."]
[Result "1-0"]
[WhiteElo "2155"]
[BlackElo "1900"]
[PlyCount "55"]
[EventDate "2000.??.??"]
[Source "ChessBase"]
[SourceDate "1996.11.15"]

1. e4 c5 2. Nf3 Nc6 3. d4 cxd4 4. Nxd4 e6 5. Nc3 Be7 6. Be3 d6 7. Bc4 Nf6 8.
Qe2 O-O 9. O-O-O Nxd4 10. Bxd4 a6 11. e5 Ne8 12. f4 b5 13. Bd3 d5 14. Bxh7+
Kxh7 15. Qh5+ Kg8 16. Rd3 f5 17. Rh3 b4 18. Qg6 bxc3 19. Rh7 cxb2+ 20. Kb1 Bf6
21. exf6 Rxf6 22. Qh5 Rh6 23. Rxh6 gxh6 24. g4 fxg4 25. Qxg4+ Kf8 26. Bc5+ Kf7
27. Rg1 Nf6 28. Qg6# 1-0